Os índios Palikúr do rio Urucauá : tradição tribal e protestantismo /

Bibliographic Details
Main Author: Arnaud, Expedito
Format: Book
Language:Portuguese
Published: Belém, Pará, Brasil : Conselho Nacional de Desenvolvimento Científico e Tecnológico, Museu Paraense Emílio Goeldi, 1984.
Series:Publicações avulsas (Museu Paraense Emílio Goeldi) ; no. 39.
Subjects:

MARC

Tag First Indicator Second Indicator Subfields
LEADER 00000cam a2200000 a 4500
001 in00000013790
005 20151007052430.0
008 870805s1984 bl b b f00010 por
010 |a  87403873  
035 |a (OCoLC)12885937 
035 |9 AAA7760AM 
040 |a DLC  |c DLC  |d TXA  |d UtOrBLW 
041 0 |a por  |b eng 
043 |a s-bl--- 
049 |a TXAM  |c [A12569740] 
050 0 0 |a F2460.1.P3  |b A73 1984 
100 1 |a Arnaud, Expedito. 
245 1 3 |a Os índios Palikúr do rio Urucauá :  |b tradição tribal e protestantismo /  |c Expedito Arnaud. 
264 1 |a Belém, Pará, Brasil :  |b Conselho Nacional de Desenvolvimento Científico e Tecnológico, Museu Paraense Emílio Goeldi,  |c 1984. 
300 |a 82 pages :  |b map ;  |c 27 cm. 
336 |a text  |b txt  |2 rdacontent 
337 |a unmediated  |b n  |2 rdamedia 
338 |a volume  |b nc  |2 rdacarrier 
490 1 |a Publicações avulsas,  |x 0077-2240 ;  |v no. 39 
500 |a Summary in English. 
504 |a Bibliography: pages 79-82. 
650 0 |a Palicur Indians  |x Missions. 
650 0 |a Palicur Indians. 
650 0 |a Pentecostal churches  |x Missions  |z Brazil. 
650 0 |a Indians of South America  |x Missions  |z Brazil. 
830 0 |a Publicações avulsas (Museu Paraense Emílio Goeldi) ;  |v no. 39. 
999 |a MARS 
999 f f |s 84059bb2-d6f2-30f0-95fa-6848b3b12fd5  |i 2fe33d8c-536e-3f49-83ef-a9ef30d3931f  |t 0 
952 f f |p ric  |a Texas A&M University  |b Rellis Campus  |c Joint Library Facility  |d Remote Storage  |t 0  |e F2460.1.P3 A73 1984  |h Library of Congress classification  |i unmediated -- volume  |m A14812569740 
998 f f |a F2460.1.P3 A73 1984  |t 0  |l Remote Storage